=LDR 00000nam 2200000 4500 =001 INLIS000000000027166 =005 20201229110044 =035 ##$$a 0010-061300000027166 =008 201229################g##########0#ind## =041 ##$$a Ind =082 ##$$a 332.37 =090 ##$$a 332, Sip c =100 1#$$a Sipahutar, Mangasa Agustinus =245 1#$$a Customer focus dalam industri perbankan /$c Mangasa Augustinus Sipahutar =260 ##$$a Bandung :$b Albeta,$c 2002 =300 ##$$a vi, 114 hlm : $b ilus ; $c 24 x 15 cm =650 #4$$a Perbankan-Industri =850 ##$$a NBPNMAT =084 ##$$a 332.37 SIP c =250 ##$$a cet.1 =020 ##$$a 979-8433-60-5 =990 ##$$a 10407493 =990 ##$$a 20703181 =990 ##$$a 20703180 =990 ##$$a 10407492 =990 ##$$a 10407493 =990 ##$$a 20703181 =990 ##$$a 20703180 =990 ##$$a 10407492 =990 ##$$a 38323832 =990 ##$$a 10407495 =990 ##$$a 10407493 =990 ##$$a 20703181 =990 ##$$a 20703180 =990 ##$$a 10407492